[Event "Titled Tuesday intern op 21st Dec"]
[Site "Chess.com INT"]
[Date "2021.12.21"]
[Round "1"]
[White "Perez Ponsa, Federico"]
[Black "Dolzhikova, Kateryna"]
[Result "1-0"]
[WhiteElo "2561"]
[BlackElo "2161"]
[PlyCount "63"]
[EventDate "2021.12.21"]
[EventType "swiss (blitz)"]
[EventRounds "11"]
[EventCountry "USA"]
[SourceTitle "CBM 205 Extra"]
[Source "ChessBase"]
[SourceDate "2022.01.31"]
[SourceVersion "1"]
[SourceVersionDate "2022.01.31"]
[SourceQuality "1"]

1. e4 c5 2. Nf3 Nc6 3. Bb5 g6 4. O-O Bg7 5. c3 a6 6. Bxc6 dxc6 7. d4 cxd4 8. cxd4 Bg4 9. Be3 e5 10. dxe5 Qxd1 11. Rxd1 Bxe5 12. Nc3 f6 13. Rd2 Rd8 14. Rxd8+ Kxd8 15. Nxe5 fxe5 16. f3 Be6 17. Rd1+ Kc7 18. Na4 Nf6 19. Bb6+ Kc8 20. Rd6 Re8 21. a3 Nd7 22. Bf2 Kc7 23. Rd2 Re7 24. b4 Bb3 25. Nc3 Nf6 26. Bh4 Rd7 27. Rb2 Rd3 28. Rxb3 Ne8 29. Kf1 Kc8 30. Ke2 Rd7 31. Na4 Kc7 32. Nc5 1-0

[Event "Titled Tuesday intern op 21st Dec"]
[Site "Chess.com INT"]
[Date "2021.12.21"]
[Round "1"]
[White "Polaczek, Richard"]
[Black "Sieciechowicz, Marcin"]
[Result "1-0"]
[WhiteElo "2360"]
[BlackElo "2388"]
[PlyCount "99"]
[EventDate "2021.12.21"]
[EventType "swiss (blitz)"]
[EventRounds "11"]
[EventCountry "USA"]
[SourceTitle "CBM 205 Extra"]
[Source "ChessBase"]
[SourceDate "2022.01.31"]
[SourceVersion "1"]
[SourceVersionDate "2022.01.31"]
[SourceQuality "1"]

1. d4 Nf6 2. Bg5 g6 3. Bxf6 exf6 4. e3 d5 5. c4 dxc4 6. Bxc4 Bd6 7. Nc3 c6 8. Nge2 O-O 9. O-O Nd7 10. a3 f5 11. b4 Nf6 12. Bd3 Be6 13. Qc2 Nd5 14. Nxd5 Bxd5 15. Nc3 Be6 16. Rfd1 Qf6 17. g3 h5 18. e4 Qg5 19. e5 Be7 20. Ne2 h4 21. Nf4 Qh6 22. Nxe6 fxe6 23. Bc4 g5 24. Qb3 Kf7 25. Qf3 Qg6 26. g4 Kg7 27. Bd3 fxg4 28. Qxg4 Qh6 29. Rf1 Rf4 30. Qe2 Rxd4 31. Kh1 Rad8 32. Bc4 g4 33. Rg1 Qf4 34. h3 g3 35. Bb3 Kh6 36. fxg3 hxg3 37. Rg2 Rd2 38. Qg4 Qxg4 39. hxg4 Bh4 40. Rag1 Kg5 41. Bxe6 Rxg2 42. Rxg2 Re8 43. Bf5 Rxe5 44. Rc2 Kf4 45. Kg2 Re3 46. Rc4+ Kg5 47. Re4 Rxa3 48. Re8 Ra2+ 49. Kg1 Kf4 50. Rf8 1-0

[Event "Titled Tuesday intern op 21st Dec"]
[Site "Chess.com INT"]
[Date "2021.12.21"]
[Round "1"]
[White "Popadic, Dragan"]
[Black "Kadam, Om Manish"]
[Result "0-1"]
[WhiteElo "2143"]
[BlackElo "2114"]
[PlyCount "78"]
[EventDate "2021.12.21"]
[EventType "swiss (blitz)"]
[EventRounds "11"]
[EventCountry "USA"]
[SourceTitle "CBM 205 Extra"]
[Source "ChessBase"]
[SourceDate "2022.01.31"]
[SourceVersion "1"]
[SourceVersionDate "2022.01.31"]
[SourceQuality "1"]

1. e4 c6 2. d4 d5 3. Nd2 dxe4 4. Nxe4 Bf5 5. Ng3 Bg6 6. h4 h6 7. Nf3 e6 8. Ne5 Bh7 9. Bc4 Nf6 10. Qe2 Qc7 11. Bb3 Bd6 12. Bd2 Bxe5 13. dxe5 Nd5 14. O-O-O Nd7 15. f4 Nc5 16. Be3 Nxb3+ 17. axb3 Qa5 18. Kb1 Nb4 19. Rd4 Qa2+ 20. Kc1 Nxc2 21. Ne4 Nxd4 22. Bxd4 Bxe4 23. Qxe4 Qa1+ 24. Qb1 Qxb1+ 25. Kxb1 b6 26. Be3 h5 27. b4 O-O-O 28. Rc1 Kb7 29. Kc2 Rd5 30. Rg1 g6 31. g4 hxg4 32. Rxg4 a5 33. bxa5 Rxa5 34. Rg1 Rxh4 35. Bd2 Rh2 36. Rd1 Rd5 37. Kc1 c5 38. Bc3 Rxd1+ 39. Kxd1 Kc6 0-1

[Event "Titled Tuesday intern op 21st Dec"]
[Site "Chess.com INT"]
[Date "2021.12.21"]
[Round "1"]
[White "Postny, Evgeny"]
[Black "Barrionuevo, Pablo"]
[Result "1-0"]
[WhiteElo "2557"]
[BlackElo "2259"]
[PlyCount "116"]
[EventDate "2021.12.21"]
[EventType "swiss (blitz)"]
[EventRounds "11"]
[EventCountry "USA"]
[SourceTitle "CBM 205 Extra"]
[Source "ChessBase"]
[SourceDate "2022.01.31"]
[SourceVersion "1"]
[SourceVersionDate "2022.01.31"]
[SourceQuality "1"]

1. Nf3 d5 2. c4 e6 3. e3 c5 4. cxd5 exd5 5. d4 Nf6 6. b3 Nc6 7. Bb2 cxd4 8. Nxd4 Bb4+ 9. Bc3 Qa5 10. Qd2 Nxd4 11. Qxd4 Bxc3+ 12. Qxc3 Qxc3+ 13. Nxc3 O-O 14. Be2 Be6 15. O-O Rac8 16. Nb5 a6 17. Nd4 Rc3 18. Rfc1 Rfc8 19. Rxc3 Rxc3 20. Kf1 Kf8 21. Ke1 Ke7 22. Bf3 Kd6 23. Kd2 Rc7 24. Rc1 Rxc1 25. Kxc1 g5 26. g3 h5 27. Kd2 Bd7 28. h4 g4 29. Bg2 Ng8 30. Ne2 Nf6 31. Nf4 Kc5 32. Kc3 a5 33. a3 b6 34. b4+ axb4+ 35. axb4+ Kd6 36. Kd4 Be6 37. b5 Bd7 38. Nxd5 Nxd5 39. Bxd5 Ke7 40. Bc4 Kf6 41. Bd3 Be8 42. Kd5 Ke7 43. e4 f6 44. e5 fxe5 45. Kxe5 Bf7 46. Kf5 Be8 47. Kg5 Kd6 48. Bg6 Bxb5 49. Bxh5 Be2 50. Bxg4 Bxg4 51. Kxg4 b5 52. Kf3 Kd5 53. Ke2 Kc4 54. Kd2 Kb3 55. h5 Ka2 56. h6 b4 57. h7 b3 58. h8=Q b2 1-0

[Event "Titled Tuesday intern op 21st Dec"]
[Site "Chess.com INT"]
[Date "2021.12.21"]
[Round "1"]
[White "Rengifo Blancas, Renzo Jhonathan"]
[Black "Paichadze, Luka"]
[Result "0-1"]
[WhiteElo "2131"]
[BlackElo "2566"]
[PlyCount "90"]
[EventDate "2021.12.21"]
[EventType "swiss (blitz)"]
[EventRounds "11"]
[EventCountry "USA"]
[SourceTitle "CBM 205 Extra"]
[Source "ChessBase"]
[SourceDate "2022.01.31"]
[SourceVersion "1"]
[SourceVersionDate "2022.01.31"]
[SourceQuality "1"]

1. e4 c6 2. d4 d5 3. Nc3 dxe4 4. Nxe4 Nf6 5. Nxf6+ gxf6 6. c3 h5 7. Bd3 h4 8. h3 Qd5 9. Qf3 Nd7 10. Qxd5 cxd5 11. Nf3 e5 12. dxe5 fxe5 13. Bb5 f6 14. O-O Kf7 15. Rd1 Nb6 16. Be3 Be6 17. a4 Nc4 18. Bxc4 dxc4 19. Nd2 Be7 20. Ne4 b6 21. Nd6+ Kg6 22. a5 Rhd8 23. Ne4 Rxd1+ 24. Rxd1 bxa5 25. Ra1 Bd8 26. Nc5 Bd5 27. Rd1 Bf7 28. Nb7 Bb6 29. Rd6 Rb8 30. Bxb6 axb6 31. Nd8 a4 32. Nxf7 Kxf7 33. Rd7+ Ke6 34. Ra7 b5 35. f3 Rd8 36. Kf2 Rd2+ 37. Ke3 Rxg2 38. Ra6+ Kf5 39. Rb6 Rxb2 40. f4 a3 41. Kf3 a2 42. fxe5 a1=Q 43. Rxf6+ Kxe5 44. Rf4 Qd1+ 45. Ke3 Qe2# 0-1

[Event "Titled Tuesday intern op 21st Dec"]
[Site "Chess.com INT"]
[Date "2021.12.21"]
[Round "1"]
[White "Rodrigues Mota, Romulo Cardoso S"]
[Black "Levitsky, Andrey"]
[Result "0-1"]
[WhiteElo "2027"]
[BlackElo "2329"]
[PlyCount "104"]
[EventDate "2021.12.21"]
[EventType "swiss (blitz)"]
[EventRounds "11"]
[EventCountry "USA"]
[SourceTitle "CBM 205 Extra"]
[Source "ChessBase"]
[SourceDate "2022.01.31"]
[SourceVersion "1"]
[SourceVersionDate "2022.01.31"]
[SourceQuality "1"]

1. e4 e6 2. d4 d5 3. exd5 exd5 4. Nf3 Bd6 5. Bd3 Nc6 6. h3 Nge7 7. O-O O-O 8. Re1 Bf5 9. c3 Qd7 10. Ne5 Nxe5 11. dxe5 Bc5 12. Be3 Bb6 13. Na3 c6 14. Nc2 Ng6 15. Nd4 Bxd3 16. e6 fxe6 17. Qxd3 e5 18. Nb3 e4 19. Qd2 Qf5 20. Nd4 Bxd4 21. cxd4 h6 22. b4 a6 23. a4 Nh4 24. Kh2 Qg6 25. Rg1 Rf5 26. Bf4 Rh5 27. Bg3 Nf5 28. b5 axb5 29. axb5 Rxa1 30. Rxa1 Nxg3 31. fxg3 Kh7 32. b6 Rf5 33. Ra7 Rf7 34. Qe3 Qf6 35. Ra2 Qf1 36. Rb2 Rf6 37. Qe2 Qxe2 38. Rxe2 Rf1 39. Rb2 Rd1 40. Rb4 e3 41. Rb2 Rxd4 42. Re2 Re4 43. g4 d4 44. Kg3 d3 45. Re1 d2 46. Rd1 e2 47. Kf3 exd1=Q+ 48. Kxe4 Qe2+ 49. Kf4 d1=Q 50. Kg3 Qd6+ 51. Kh4 Qf2+ 52. Kh5 Qg6# 0-1

[Event "Titled Tuesday intern op 21st Dec"]
[Site "Chess.com INT"]
[Date "2021.12.21"]
[Round "1"]
[White "Rozhkov, Viacheslav"]
[Black "Moskalenko, Alexander"]
[Result "0-1"]
[WhiteElo "2248"]
[BlackElo "2514"]
[PlyCount "90"]
[EventDate "2021.12.21"]
[EventType "swiss (blitz)"]
[EventRounds "11"]
[EventCountry "USA"]
[SourceTitle "CBM 205 Extra"]
[Source "ChessBase"]
[SourceDate "2022.01.31"]
[SourceVersion "1"]
[SourceVersionDate "2022.01.31"]
[SourceQuality "1"]

1. e4 g6 2. d4 Bg7 3. Nc3 c6 4. a4 d5 5. e5 f6 6. f4 Nh6 7. Nf3 Bg4 8. Be3 Nf5 9. Bf2 O-O 10. h3 Bxf3 11. Qxf3 fxe5 12. dxe5 e6 13. Bd3 Na6 14. O-O Nb4 15. Bxf5 Rxf5 16. Qg4 Qf8 17. g3 Nxc2 18. Rad1 a5 19. Qe2 Nb4 20. Be3 Qe7 21. Qf2 Bxe5 22. Bc5 Bd6 23. Ne4 Bxc5 24. Nxc5 b6 25. Nb3 c5 26. Rfe1 e5 27. Qe2 e4 28. Qb5 Rf6 29. Nd2 Rd8 30. Nf3 d4 31. Ne5 e3 32. Qc4+ Qe6 33. Qxe6+ Rxe6 34. Rxe3 Ree8 35. Rf3 Nd5 36. Kf2 Ne3 37. Rc1 Nf5 38. Nc4 Re6 39. Rb3 Nd6 40. Nxb6 Ne4+ 41. Kg2 d3 42. Rd1 Rd4 43. Rb5 d2 44. Kf3 Nd6 45. Rxc5 Re1 0-1

[Event "Titled Tuesday intern op 21st Dec"]
[Site "Chess.com INT"]
[Date "2021.12.21"]
[Round "1"]
[White "Rustemov, Alexander"]
[Black "Ljukin, Sergei"]
[Result "1-0"]
[WhiteElo "2525"]
[BlackElo "2362"]
[PlyCount "61"]
[EventDate "2021.12.21"]
[EventType "swiss (blitz)"]
[EventRounds "11"]
[EventCountry "USA"]
[SourceTitle "CBM 205 Extra"]
[Source "ChessBase"]
[SourceDate "2022.01.31"]
[SourceVersion "1"]
[SourceVersionDate "2022.01.31"]
[SourceQuality "1"]

1. d4 d5 2. c4 c6 3. Nc3 Nf6 4. e3 e6 5. Nf3 Nbd7 6. Qc2 Bd6 7. Bd2 O-O 8. O-O-O b5 9. e4 bxc4 10. e5 Be7 11. exf6 Nxf6 12. Bf4 Bb4 13. Kb1 Nh5 14. Bd2 Rb8 15. Ka1 Qc7 16. Na4 Bd6 17. b3 cxb3 18. axb3 f5 19. Rc1 Bd7 20. Nc5 Rb6 21. Ba5 Ra8 22. Bd3 Nf4 23. g3 Nxd3 24. Qxd3 Qc8 25. Rhe1 Rb5 26. b4 Bc7 27. Bxc7 Qxc7 28. Kb2 Rxb4+ 29. Kc2 Rab8 30. Kd2 Rb2+ 31. Ke3 1-0

[Event "Titled Tuesday intern op 21st Dec"]
[Site "Chess.com INT"]
[Date "2021.12.21"]
[Round "1"]
[White "San, Thit Lwin"]
[Black "Perske, Thore"]
[Result "0-1"]
[WhiteElo "2242"]
[BlackElo "2455"]
[PlyCount "118"]
[EventDate "2021.12.21"]
[EventType "swiss (blitz)"]
[EventRounds "11"]
[EventCountry "USA"]
[SourceTitle "CBM 205 Extra"]
[Source "ChessBase"]
[SourceDate "2022.01.31"]
[SourceVersion "1"]
[SourceVersionDate "2022.01.31"]
[SourceQuality "1"]

1. Nf3 Nf6 2. c4 g6 3. Nc3 Bg7 4. e4 O-O 5. d4 d6 6. Be2 e5 7. O-O Nc6 8. d5 Ne7 9. b4 Nd7 10. c5 f5 11. Nd2 Nf6 12. f3 f4 13. Nc4 g5 14. g4 h5 15. h3 Ng6 16. cxd6 cxd6 17. a4 Rf7 18. Nb5 Bf8 19. a5 Rh7 20. Rf2 hxg4 21. hxg4 Rh3 22. Rh2 Rg3+ 23. Kf2 Nh4 24. Qh1 Qd7 25. Nc3 Qh7 26. Ba3 Bd7 27. b5 Rc8 28. Rc1 Be7 29. Nxd6 Bxd6 30. Bxd6 Bxg4 31. Bxe5 Qd7 32. Bxf6 Bxf3 33. Bxf3 Rxf3+ 34. Qxf3 Nxf3 35. Kxf3 Rxc3+ 36. Rxc3 Qxb5 37. Bxg5 Qf1+ 38. Rf2 Qh3+ 39. Kxf4 Qxc3 40. Kf5 Qxa5 41. Bf6 Kf7 42. Rg2 b5 43. Rg7+ Kf8 44. e5 Qd2 45. Rh7 Qd3+ 46. Ke6 Qxh7 47. d6 Qf7+ 48. Kf5 Qh5+ 49. Ke6 Qg4+ 50. Kd5 Ke8 51. e6 Qc4+ 52. Ke5 Qc5+ 53. Ke4 Qxd6 54. Kf5 b4 55. Be5 Qd5 56. Kf6 b3 57. e7 a5 58. Bc7 a4 59. Bd8 a3 0-1

[Event "Titled Tuesday intern op 21st Dec"]
[Site "Chess.com INT"]
[Date "2021.12.21"]
[Round "1"]
[White "Sanchez, Roberto Daniel"]
[Black "Arabidze, Meri"]
[Result "0-1"]
[WhiteElo "1970"]
[BlackElo "2413"]
[PlyCount "68"]
[EventDate "2021.12.21"]
[EventType "swiss (blitz)"]
[EventRounds "11"]
[EventCountry "USA"]
[SourceTitle "CBM 205 Extra"]
[Source "ChessBase"]
[SourceDate "2022.01.31"]
[SourceVersion "1"]
[SourceVersionDate "2022.01.31"]
[SourceQuality "1"]

1. e4 c6 2. Nf3 d5 3. Nc3 Bg4 4. h3 Bxf3 5. Qxf3 e6 6. d4 Bb4 7. Bd2 dxe4 8. Qxe4 Nf6 9. Qd3 O-O 10. O-O-O Nbd7 11. Kb1 Qc7 12. g4 Bxc3 13. Bxc3 Nd5 14. Bd2 b5 15. Bg2 N7b6 16. h4 a5 17. h5 a4 18. g5 Nc4 19. g6 h6 20. Bxd5 cxd5 21. Rhg1 f5 22. Bb4 Rfe8 23. Rde1 Rac8 24. Re2 Qh2 25. Rg3 Qxh5 26. a3 f4 27. Rg1 e5 28. dxe5 Rxe5 29. Rge1 Rxe2 30. Rxe2 Qg5 31. b3 axb3 32. cxb3 f3 33. Re6 Ne5 34. Qd1 Qf5+ 0-1

[Event "Titled Tuesday intern op 21st Dec"]
[Site "Chess.com INT"]
[Date "2021.12.21"]
[Round "1"]
[White "Santos Flores, Alberto Javier"]
[Black "Sychev, Klementy"]
[Result "0-1"]
[WhiteElo "2182"]
[BlackElo "2550"]
[PlyCount "48"]
[EventDate "2021.12.21"]
[EventType "swiss (blitz)"]
[EventRounds "11"]
[EventCountry "USA"]
[SourceTitle "CBM 205 Extra"]
[Source "ChessBase"]
[SourceDate "2022.01.31"]
[SourceVersion "1"]
[SourceVersionDate "2022.01.31"]
[SourceQuality "1"]

1. d4 e6 2. Nf3 c5 3. c3 Nf6 4. Bf4 Nc6 5. e3 Nh5 6. Bg3 Be7 7. Bd3 d5 8. Nbd2 Nxg3 9. hxg3 g6 10. Qe2 Qb6 11. O-O-O Bd7 12. Kb1 O-O-O 13. dxc5 Bxc5 14. Nb3 Be7 15. e4 dxe4 16. Bxe4 Bf6 17. Rd2 Kb8 18. Rhd1 Bc8 19. Rxd8 Rxd8 20. Rxd8 Nxd8 21. Nfd4 e5 22. Nf3 Ne6 23. Bd5 Qd6 24. Qe4 Nc7 0-1

[Event "Titled Tuesday intern op 21st Dec"]
[Site "Chess.com INT"]
[Date "2021.12.21"]
[Round "1"]
[White "Saydaliev, Saidakbar"]
[Black "Almagro Mazariegos, Sebastian"]
[Result "1-0"]
[WhiteElo "2356"]
[BlackElo "2298"]
[PlyCount "61"]
[EventDate "2021.12.21"]
[EventType "swiss (blitz)"]
[EventRounds "11"]
[EventCountry "USA"]
[SourceTitle "CBM 205 Extra"]
[Source "ChessBase"]
[SourceDate "2022.01.31"]
[SourceVersion "1"]
[SourceVersionDate "2022.01.31"]
[SourceQuality "1"]

1. Nf3 Nf6 2. c4 g6 3. b3 Bg7 4. Bb2 O-O 5. g3 c5 6. Bg2 Nc6 7. O-O d6 8. e3 Bg4 9. h3 Bxf3 10. Bxf3 Qd7 11. Bg2 a6 12. d4 cxd4 13. exd4 d5 14. c5 Ne4 15. Na3 Nxc5 16. Nc2 Ne4 17. Ne3 Rac8 18. h4 h5 19. Rc1 e6 20. Qd3 Nf6 21. a3 Ne7 22. Rfd1 Rxc1 23. Rxc1 Rc8 24. Rc2 Rxc2 25. Nxc2 Nc6 26. Ne1 Qc7 27. Nf3 Qb6 28. Ng5 Na5 29. b4 Nc4 30. Bc1 a5 31. Bh3 1-0

[Event "Titled Tuesday intern op 21st Dec"]
[Site "Chess.com INT"]
[Date "2021.12.21"]
[Round "1"]
[White "Shapiro, Daniel E"]
[Black "Paltrinieri, Nicholas"]
[Result "0-1"]
[WhiteElo "2284"]
[BlackElo "2344"]
[PlyCount "98"]
[EventDate "2021.12.21"]
[EventType "swiss (blitz)"]
[EventRounds "11"]
[EventCountry "USA"]
[SourceTitle "CBM 205 Extra"]
[Source "ChessBase"]
[SourceDate "2022.01.31"]
[SourceVersion "1"]
[SourceVersionDate "2022.01.31"]
[SourceQuality "1"]

1. d4 e6 2. c4 f5 3. Nf3 Nf6 4. Qc2 Be7 5. b3 O-O 6. Nbd2 b6 7. g3 Bb7 8. Bg2 Ne4 9. O-O d6 10. Bb2 Nd7 11. e3 Qe8 12. Ne1 Ndf6 13. Nd3 g5 14. f3 Nxd2 15. Qxd2 Qh5 16. Rae1 Qg6 17. Nf2 h5 18. e4 Rae8 19. e5 dxe5 20. dxe5 Rd8 21. Qc3 Nd7 22. Nd3 a5 23. Bc1 Nc5 24. Nxc5 Bxc5+ 25. Be3 Bb4 26. Qc2 Bxe1 27. Rxe1 g4 28. f4 Bxg2 29. Qxg2 Qe8 30. h3 Rd3 31. hxg4 hxg4 32. Qh1 Qd7 33. Qh6 Rd8 34. Qg6+ Kf8 35. Bf2 Qf7 36. Qh6+ Ke8 37. c5 Rd1 38. cxb6 Rxe1+ 39. Bxe1 cxb6 40. Bf2 Rd1+ 41. Kh2 Rd2 42. Kg1 Kd7 43. Qh8 Kc6 44. Qc8+ Qc7 45. Qxe6+ Kb7 46. Qxf5 Qc1+ 47. Kg2 Qc6+ 48. Kf1 Rd1+ 49. Ke2 Qf3# 0-1

[Event "Titled Tuesday intern op 21st Dec"]
[Site "Chess.com INT"]
[Date "2021.12.21"]
[Round "1"]
[White "Shkapenko, Pavel"]
[Black "Olenik Campa, Rudi"]
[Result "1-0"]
[WhiteElo "2424"]
[BlackElo "2102"]
[PlyCount "63"]
[EventDate "2021.12.21"]
[EventType "swiss (blitz)"]
[EventRounds "11"]
[EventCountry "USA"]
[SourceTitle "CBM 205 Extra"]
[Source "ChessBase"]
[SourceDate "2022.01.31"]
[SourceVersion "1"]
[SourceVersionDate "2022.01.31"]
[SourceQuality "1"]

1. e4 c5 2. c3 Nf6 3. e5 Nd5 4. d4 cxd4 5. cxd4 Nc6 6. Nc3 Nxc3 7. bxc3 d6 8. Nf3 Qa5 9. Bb2 e6 10. Bd3 dxe5 11. O-O exd4 12. cxd4 Ba3 13. Bxa3 Qxa3 14. d5 exd5 15. Re1+ Be6 16. Ng5 O-O-O 17. Nxe6 fxe6 18. Rxe6 Rhf8 19. Rb1 Qxa2 20. Re2 Qa5 21. Rc2 Rf4 22. Qc1 Rf6 23. Qg5 Qc7 24. Bxh7 Rdf8 25. Bd3 Rd6 26. Rcb2 b6 27. Rc2 Kb8 28. Rbc1 Rc8 29. Ba6 Rcd8 30. Bb5 Rc8 31. Rxc6 Rxc6 32. Rxc6 1-0

[Event "Titled Tuesday intern op 21st Dec"]
[Site "Chess.com INT"]
[Date "2021.12.21"]
[Round "1"]
[White "Shtyka, Sergey"]
[Black "Seliverstov, Vladimir"]
[Result "0-1"]
[WhiteElo "2154"]
[BlackElo "2462"]
[PlyCount "90"]
[EventDate "2021.12.21"]
[EventType "swiss (blitz)"]
[EventRounds "11"]
[EventCountry "USA"]
[SourceTitle "CBM 205 Extra"]
[Source "ChessBase"]
[SourceDate "2022.01.31"]
[SourceVersion "1"]
[SourceVersionDate "2022.01.31"]
[SourceQuality "1"]

1. e4 g6 2. d4 Bg7 3. Nc3 d6 4. g3 a6 5. Bg2 b5 6. Nge2 Bb7 7. O-O Nd7 8. Be3 c5 9. a4 b4 10. Nd5 e6 11. Ndf4 cxd4 12. Nxd4 e5 13. Nde6 fxe6 14. Nxe6 Qe7 15. Nc7+ Kf7 16. Nxa8 Bxa8 17. f4 Ngf6 18. f5 Rc8 19. g4 Nxe4 20. fxg6+ Kg8 21. gxh7+ Kh8 22. Qd3 Ndc5 23. Qe2 d5 24. Rae1 Bb7 25. a5 Ne6 26. Rf5 Qc7 27. Rc1 Nf4 28. Bxf4 exf4 29. c3 bxc3 30. bxc3 Qc5+ 31. Kf1 Nxc3 32. Qe6 Rd8 33. Re5 Bc6 34. Re2 Bb5 35. Bf3 Bxe2+ 36. Bxe2 Qe3 37. Qxe3 fxe3 38. Bxa6 Ra8 39. Bd3 Rxa5 40. h4 Be5 41. g5 Ra4 42. h5 Rf4+ 43. Kg2 Rg4+ 44. Kf3 Rxg5 45. h6 d4 0-1

[Event "Titled Tuesday intern op 21st Dec"]
[Site "Chess.com INT"]
[Date "2021.12.21"]
[Round "1"]
[White "Shubin, Daniel"]
[Black "Sokolovsky, Yahli"]
[Result "0-1"]
[WhiteElo "2080"]
[BlackElo "2390"]
[PlyCount "212"]
[EventDate "2021.12.21"]
[EventType "swiss (blitz)"]
[EventRounds "11"]
[EventCountry "USA"]
[SourceTitle "CBM 205 Extra"]
[Source "ChessBase"]
[SourceDate "2022.01.31"]
[SourceVersion "1"]
[SourceVersionDate "2022.01.31"]
[SourceQuality "1"]

1. e4 g6 2. d4 Bg7 3. Nc3 d6 4. Nf3 a6 5. Be3 b5 6. Bd3 Bb7 7. O-O Nd7 8. a4 b4 9. Ne2 c5 10. c3 a5 11. Ng3 Ngf6 12. Re1 O-O 13. Bg5 h6 14. Be3 Ng4 15. Bd2 e5 16. h3 Ngf6 17. d5 Kh7 18. c4 Ng8 19. Nh2 Ne7 20. f3 Nb6 21. b3 f5 22. Rf1 f4 23. Nh1 Bc8 24. Nf2 h5 25. Qe2 Bf6 26. Kh1 Ng8 27. Rg1 Nh6 28. Raf1 Bh4 29. Rc1 Ra7 30. Rgf1 Rg7 31. Rg1 Nd7 32. Nf1 Nf6 33. g4 fxg3 34. Nxg3 g5 35. Rg2 g4 36. hxg4 hxg4 37. fxg4 Nhxg4 38. Nxg4 Rxg4 39. Qe3 Bg5 40. Qe2 Kg6 41. Rh2 Rh8 42. Rg1 Rxh2+ 43. Kxh2 Qh8+ 44. Kg2 Rxg3+ 45. Kxg3 Qh4+ 46. Kg2 Bh3+ 47. Kh1 Bg4+ 48. Qh2 Bf3+ 49. Rg2 Bxg2+ 50. Kxg2 Qxh2+ 51. Kxh2 Bxd2 52. Kg3 Bf4+ 53. Kf3 Kg5 54. Be2 Nh5 55. Kf2 Ng7 56. Kg2 Ne8 57. Kf3 Nf6 58. Kg2 Bd2 59. Bd1 Bc3 60. Kf3 Bd4 61. Bc2 Kh4 62. Bd1 Ng4 63. Bc2 Ne3 64. Bb1 Kh3 65. Bd3 Ng4 66. Bb1 Nh2+ 67. Ke2 Kg3 68. Bd3 Ng4 69. Bb1 Kf4 70. Bd3 Nf6 71. Bb1 Nxe4 72. Bd3 Nc3+ 73. Kd2 e4 74. Bf1 e3+ 75. Kc2 e2 76. Bxe2 Nxe2 77. Kd3 Kf3 78. Kc2 Nf4 79. Kb1 Ke3 80. Ka2 Kd3 81. Kb1 Kc3 82. Ka2 Nd3 83. Kb1 Nf2 84. Ka2 Nd1 85. Kb1 Ne3 86. Ka2 Nxc4 87. bxc4 Kxc4 88. Kb1 Kxd5 89. Kc2 c4 90. Kb1 Bc5 91. Ka2 b3+ 92. Kb2 Bb4 93. Ka1 c3 94. Kb1 c2+ 95. Kb2 Ba3+ 96. Kxa3 c1=Q+ 97. Kxb3 Qc4+ 98. Kb2 Qxa4 99. Kb1 Qa3 100. Kc2 Kc4 101. Kd2 Qd3+ 102. Ke1 Qc2 103. Kf1 Kd3 104. Kg1 Ke3 105. Kf1 Kf3 106. Ke1 Qe2# 0-1

[Event "Titled Tuesday intern op 21st Dec"]
[Site "Chess.com INT"]
[Date "2021.12.21"]
[Round "1"]
[White "Starozhilov, Leonid"]
[Black "Mayaud, Raphael"]
[Result "1-0"]
[WhiteElo "2293"]
[BlackElo "2216"]
[PlyCount "133"]
[EventDate "2021.12.21"]
[EventType "swiss (blitz)"]
[EventRounds "11"]
[EventCountry "USA"]
[SourceTitle "CBM 205 Extra"]
[Source "ChessBase"]
[SourceDate "2022.01.31"]
[SourceVersion "1"]
[SourceVersionDate "2022.01.31"]
[SourceQuality "1"]

1. b3 d5 2. Bb2 Nf6 3. Nf3 c6 4. e3 Bg4 5. c4 e6 6. Be2 Nbd7 7. d4 Bd6 8. Nbd2 Qe7 9. O-O O-O 10. Qc2 Bf5 11. Bd3 Bg6 12. e4 Nxe4 13. Nxe4 dxe4 14. Bxe4 Rad8 15. Rad1 Rfe8 16. Bxg6 hxg6 17. Rfe1 Nf6 18. h3 Qc7 19. Rd3 c5 20. Red1 cxd4 21. Bxd4 a6 22. Bxf6 gxf6 23. Qd2 Be7 24. Rd7 Qc8 25. Rxd8 Rxd8 26. Qe2 Rxd1+ 27. Qxd1 Qd8 28. Qe2 f5 29. Ne5 Bf6 30. Nd3 Qd4 31. g3 Kg7 32. h4 e5 33. Nb4 f4 34. Kg2 fxg3 35. fxg3 e4 36. Nd5 Be5 37. h5 g5 38. Qg4 Qd2+ 39. Kh3 Qc1 40. Qxe4 Qf1+ 41. Qg2 Qf5+ 42. Kh2 g4 43. Qe2 Qxh5+ 44. Kg1 Bxg3 45. Ne3 Qc5 46. Kg2 Bd6 47. Nxg4 Qg5 48. Kf3 Qf5+ 49. Kg2 Qf4 50. Ne3 Qg3+ 51. Kf1 Bf4 52. Ng2 Qh2 53. Qf3 Kf8 54. Qxf4 Qh1+ 55. Kf2 Qb1 56. Qd6+ Ke8 57. Qd2 Qf5+ 58. Qf4 Qc2+ 59. Kg3 Qxa2 60. Qe3+ Kf8 61. Nf4 Qb2 62. Nd5 Qg7+ 63. Kf3 Qg6 64. Qe7+ Kg7 65. Qe5+ Kh6 66. Nf4 Qg5 67. Qh8# 1-0

[Event "Titled Tuesday intern op 21st Dec"]
[Site "Chess.com INT"]
[Date "2021.12.21"]
[Round "1"]
[White "Stead, Kerry"]
[Black "Avramidou, Anastasia"]
[Result "0-1"]
[WhiteElo "1978"]
[BlackElo "2274"]
[PlyCount "92"]
[EventDate "2021.12.21"]
[EventType "swiss (blitz)"]
[EventRounds "11"]
[EventCountry "USA"]
[SourceTitle "CBM 205 Extra"]
[Source "ChessBase"]
[SourceDate "2022.01.31"]
[SourceVersion "1"]
[SourceVersionDate "2022.01.31"]
[SourceQuality "1"]

1. d4 Nf6 2. f3 d6 3. e4 e5 4. d5 c6 5. c4 Be7 6. Be3 O-O 7. Ne2 b5 8. Nec3 bxc4 9. Bxc4 cxd5 10. Bxd5 Nxd5 11. Nxd5 Nc6 12. O-O Rb8 13. Qd2 Be6 14. Nbc3 Qd7 15. Rfd1 Bd8 16. a3 f5 17. b4 h6 18. Rac1 Kh8 19. Ne2 fxe4 20. fxe4 Bxd5 21. Qxd5 Nd4 22. Nxd4 exd4 23. Bxd4 Bb6 24. Bxb6 Rxb6 25. Rc4 Qg4 26. Rdc1 Qf4 27. Qd4 Rbb8 28. Rc7 Rg8 29. Rf1 Qg5 30. h3 Rbe8 31. Rff7 a6 32. Qxd6 Rxe4 33. Rf3 Rd8 34. Rf8+ Rxf8 35. Qxf8+ Kh7 36. Rc3 Re1+ 37. Kh2 Qe5+ 38. Rg3 Re3 39. Qf2 Rxa3 40. h4 Rc3 41. Kh3 Rc4 42. Rg4 Qe6 43. Qf3 Rxb4 44. Kg3 Qxg4+ 45. Qxg4 Rxg4+ 46. Kxg4 a5 0-1

[Event "Titled Tuesday intern op 21st Dec"]
[Site "Chess.com INT"]
[Date "2021.12.21"]
[Round "1"]
[White "Talibov, Shiroghlan"]
[Black "Leve, Nitai D"]
[Result "1-0"]
[WhiteElo "2335"]
[BlackElo "2128"]
[PlyCount "71"]
[EventDate "2021.12.21"]
[EventType "swiss (blitz)"]
[EventRounds "11"]
[EventCountry "USA"]
[SourceTitle "CBM 205 Extra"]
[Source "ChessBase"]
[SourceDate "2022.01.31"]
[SourceVersion "1"]
[SourceVersionDate "2022.01.31"]
[SourceQuality "1"]

1. c4 e5 2. Nc3 Nf6 3. Nf3 e4 4. Ng5 b5 5. d3 bxc4 6. Ngxe4 Nxe4 7. dxe4 Nc6 8. e3 Bb4 9. Bxc4 O-O 10. O-O Qh4 11. Bd5 Rb8 12. Ne2 Ba6 13. f4 Rfe8 14. Bd2 Bc5 15. b3 Nb4 16. Bxb4 Bxe3+ 17. Kh1 Rxb4 18. Rf3 Bb6 19. Qd2 Ba5 20. Qc2 Rb6 21. Rh3 Qf2 22. Bc4 Bxc4 23. Qxc4 Rbe6 24. Rf3 Qb6 25. Ng3 Qb4 26. Qc2 Qe7 27. Raf1 Bb6 28. e5 d6 29. Nf5 Qf8 30. Rg3 g6 31. exd6 Re1 32. Qc4 Rxf1+ 33. Qxf1 cxd6 34. h3 Kh8 35. Qa1+ f6 36. Nd4 1-0